How to take the worry out of witnessing. (Record no. 13223)

000 -LEADER
fixed length control field 00832nam a2200229 a 4500
001 - CONTROL NUMBER
control field :::00011041$&:&@@
003 - CONTROL NUMBER IDENTIFIER
control field OkBaRHE
005 - DATE AND TIME OF LATEST TRANSACTION
control field 20000607103405.0
008 - FIXED-LENGTH DATA ELEMENTS--GENERAL INFORMATION
fixed length control field s1976 j 000 0 eng u
020 ## - INTERNATIONAL STANDARD BOOK NUMBER
International Standard Book Number 080545568X
040 ## - CATALOGING SOURCE
Transcribing agency
100 1# - MAIN ENTRY--PERSONAL NAME
Personal name Worrell, George E.
245 10 - TITLE STATEMENT
Title How to take the worry out of witnessing.
260 ## - PUBLICATION, DISTRIBUTION, ETC. (IMPRINT)
Place of publication, distribution, etc Nashville, TN., :
Name of publisher, distributor, etc Broadman Press
Date of publication, distribution, etc c1976
300 ## - PHYSICAL DESCRIPTION
Extent 92 p. : illus. ;
Dimensions 20 cm.
520 ## - SUMMARY, ETC.
Summary, etc Discusses ways in which young Christians can spiritually prepare themselves for sharing their faith daily.
650 ## - SUBJECT ADDED ENTRY--TOPICAL TERM
Topical term or geographic name as entry element Christian Life
650 ## - SUBJECT ADDED ENTRY--TOPICAL TERM
Topical term or geographic name as entry element Witness Bearing (Christianity)
General subdivision Juvenile Literature
650 ## - SUBJECT ADDED ENTRY--TOPICAL TERM
Topical term or geographic name as entry element Youth
General subdivision Religious Life
-- Juvenile Literature
942 ## - ADDED ENTRY ELEMENTS (KOHA)
Source of classification or shelving scheme
Koha item type Books
Copies
Copy number Shelving location Date last seen Source of classification or shelving scheme Withdrawn status Price effective from Permanent Location Barcode Full call number Koha item type Lost status Date acquired Damaged status Not for loan
1General Stacks2010-04-14  2010-04-14RHEMA Bible Training College11041BV 4520 .W65Books 2010-04-14